| 000 | 00346 a2200133 4500 | ||
|---|---|---|---|
| 005 | 20250320170441.0 | ||
| 020 | _a0-394-35827-9 | ||
| 082 | _a515.333 COL | ||
| 100 | _aCOLTON, D. | ||
| 245 | _aPartial Differential Equations | ||
| 260 |
_aNew York, _bThe Roman House _c1943 |
||
| 300 |
_aix,308p., ill., _bIndex, References _c24cm. |
||
| 942 |
_2ddc _cBKS |
||
| 999 |
_c1037 _d1037 |
||